000 00450nam a2200145Ia 4500
008 231129s2004||||xx |||||||||||||| ||spa||
020 _a958-8160-64-2
040 _bspa
082 _a923.1 M912P
100 _aPaz Otero Ví­ctor
245 0 _aEl demente exquisito: La vida estrafalaria de Tomás Cipriano de Mosquera
260 _c2004
264 _aBogotá Colombia : Villegas Editores
942 _2ddc
_cBKS
999 _c10773
_d10773